000 00684cam0a220020500 4500
001 qce01153597
005 20190814131602.0
008 810815s1953 iluac 000 0 eng d
035 _a(Sirsi) r67370
035 _a(QCAT)lss04956047
035 _a(UPRA)qce01153597
040 _dUPRA
060 0 _aWC 285
_bA546a 1953
100 1 _aAnderson, Hamilton Holland, 1902-
_dAnderson, Hamilton Holland, 1902-
_6A28062.1
245 1 0 _aAmebiasis ; pathology, diagnosis and chemotherapy /
_cby Hamilton H. Anderson [and others].
260 _aSpringfield, IL :
_bThomas,
_c[c1953]
650 2 _aAmebiasis.
_6S20218.1
949 _aRC121
_wLC
_i-90278
_mMEDICAL
_tBOOK
_lON-SHELF
004 67370
999 _c55027
_d55027